Mots codés Scrabble (régions de France) - Statistiques

Statistiques générales
  • Ce quiz a été pris 9 fois
  • Le résultat moyen est 16 sur 18
Statistiques - réponses
Hint Réponse % Correct
1 1 4 1 1 2 1 1-1 4 1 1 1-1 1 3 1 1 Auvergne-Rhône-Alpes
100%
3 1 1 1 1 2 1 1 Bretagne
100%
1 1 1 2 1 1 2 1 1 Normandie
100%
3 1 1 1 1 1-4 1 1 2 1 1 1 1 1 1 Centre-Val de Loire
88%
3 1 1 1 1 Corse
88%
2 1 1 1 2 1 1 1 Grand Est
88%
2 1 1 2 1 1 1 1 3 1 Guadeloupe
88%
4 1 1 1 1-2 1-4 1 1 1 3 1 Hauts-de-France
88%
1 1 1 1 1 1 1 1 1 La Réunion
88%
2 1 1 1 1 1 1 8 1 1 Martinique
88%
2 1 10 1 1 1 1 Mayotte
88%
1 1 1 4 1 1 1 1-1 8 1 1 1 1 1 1 1 Nouvelle-Aquitaine
88%
1 3 3 1 1 1 1 1 1 Occitanie
88%
3 1 10 1 2 1 1 1 1 1 1 1 1 Pays de la Loire
88%
3 1 1 4 1 1 3 1-1 1 3 1 1-3 1 1 1 2’ 1 10 1 1 Provence-Alpes-Côte d’Azur
88%
3 1 1 1 2 1 2 1 1- 4 1 1 1 3 4 1-3 1 2 1 1 Bourgogne-Franche-Comté
75%
2 1 10 1 1 1 Guyane
75%
1 1 1-2 1-4 1 1 1 3 1 Île-de-France
75%
Aucun quiz correspondant
Distribution des résultats
% des personnes avec chaque résultat
Percentile par nombre de réponses
Votre historique - résultats
Vous n’avez pas pris ce quiz